Normal view MARC view
  • López y Mota, Ángel Daniel

Entry Nombre Personal

Number of records used in: 9

001 - NUMERO DE CONTROL

  • campo de control: 29076

003 - IDENTIFICADOR DE NUMERO DE CONTROL

  • campo de control: UPN

005 - FECHA Y HORA DE LA ÜLTIMA TRANSACCIÓN

  • campo de control: 20230526112120.0

008 - DATOS DE LONGITUD FIJA

  • campo de control de longitud fija: nabaccnnaabn|||||||||| b |nc|||||d

035 ## - NUMERO DE CONTROL

  • Número de control: UPN11000001182

040 ## - FUENTE DE CATALOGACIÓN

  • Lenguaje de catalogación: SPA
  • Agencia de transcripción: UPN
  • Agencia original de catalogación: MX-MxUPN

100 1# - ENCABEZAMIENTO - NOMBRE PERSONAL

  • Nombre personal: López y Mota, Ángel Daniel

370 ## - LUGAR ASOCIADO

  • Place of birth: Ciudad de México (México)

372 ## - CAMPO DE ACTIVIDAD

  • Fuente del término: lcsh
  • Field of activity: Educación

373 ## - GRUPO ASOCIADO

  • Fuente del término: naf
  • Associated group: Universidad Pedagógica Nacional (México)

374 ## - OCUPACIÓN

  • Fuente del término: lcsh
  • Occupation: Administrador universitario

377 ## - LENGUA ASOCIADA

  • Language code: spa

378 ## - FORMA COMPLETA DE NOMBRE PERSONAL

  • Fuller form of personal name: Ángel Daniel

400 1# - VEÁSE - NOMBRE DE PERSONA

  • Personal name: López y Mota, Ángel

400 1# - VEÁSE - NOMBRE DE PERSONA

  • Personal name: Mota, Ángel López y

670 ## - FUENTE EN LA QUE SE LOCALIZARON DATOS

  • Cita de la fuente: T
  • Información localizada: UPN

670 ## - FUENTE EN LA QUE SE LOCALIZARON DATOS

  • Cita de la fuente: Mejora de la calidad educativa en México, 2007:
  • Información localizada: portada (Ángel López y Mota)

670 ## - FUENTE EN LA QUE SE LOCALIZARON DATOS

  • Cita de la fuente: La investigación en el posgrado de la Universidad Pedagógica Nacional, noviembre de 2010:
  • Información localizada: portada (Ángel D. López y Mota) reverso de la portada (coordinator of postgrad. studies)

670 ## - FUENTE EN LA QUE SE LOCALIZARON DATOS

  • Cita de la fuente: Modelos científicos escolares, 2019:
  • Información localizada: portada (Ángel Daniel López y Mota)

680 ## - NOTA PUBLICA DE ACCESO PÚBLICO

  • Frase explicativa de la referencia: Académico mexicano

902 ## - CATALOGADOR

  • Catalogador: DAA/010408

902 ## - CATALOGADOR

  • Catalogador: NDAF/260523